Central Library OPAC University of Rajshahi
Normal view MARC view

Entry Topical Term

Number of records used in: 4

001 - CONTROL NUMBER

  • control field: 12644

003 - CONTROL NUMBER IDENTIFIER

  • control field: BD-RjUL

005 - DATE AND TIME OF LATEST TRANSACTION

  • control field: 20240421175014.0

008 - FIXED-LENGTH DATA ELEMENTS

  • fixed length control field: 240421|| aca||aabn | a|a d

040 ## - CATALOGING SOURCE

  • Original cataloging agency: BD-RjUL
  • Transcribing agency: BD-RjUL

150 ## - HEADING--TOPICAL TERM

  • Topical term or geographic name entry element: Nutritional requirements
  • Form subdivision: Fresh Water EEL
  • Geographic subdivision: Bangladesh

670 ## - SOURCE DATA FOUND

  • Source citation: Work cat.: (BD-RjUL)83551: Molla, Md. Abul Hossain 12643, Biochemical and nutritional studies on Bangladeshi fresh water eel, anguilla bengalrnsis (BAO BAIM) /, 1991